000 01400nam0a22002651 4500
001 rc\3175595
005 20260407101511.0
021 _aRU
_bРг10624-76
021 _aRU
_b76-50115
035 _a(NLR Aleph) 007310817
090 _a5808090
_c5808090
100 _a20120615d1976 |||y0rusy50 ca
101 0 _arus
102 _aRU
105 _aa z |||||
200 1 _aТиповой проект организации труда рабочего места аппаратчика сгустителей обогатительных фабрик предприятий цветной металлургии
_eУтв. 6/I 1976 г.
_fМ-во цв. металлургии СССР. Упр. организации труда, заработной платы и рабочих кадров. Центр по науч. организации труда и упр. производством в цв. металлургии. ЦНОТЦветмет
210 _aМосква
_cБ. и.
_d1976
215 _a21 с.
_cил.
_d14х20
320 _aБиблиогр.: с. 20
712 0 2 _aЦентр по научной организации труда и управления производством в цветной металлургии
_cМосква
_3RU\NLR\AUTH\889929086
_9353695
801 0 _aRU
_bNLR
_gpsbo
801 1 _aRU
_bELAR
_2rusmarc
852 _aNLR
_j76-4/25863
942 _cBOOK
980 _aNB